=LDR 00000nam 2200000 4500 =001 INLIS000000000043851 =005 20131008103909 =008 ***********************************ind** =035 ##$$0010-101300000001773 =041 ##$$a ind =082 ##$$a 928 =090 ##$$a 928, Ram t =100 ##$$a Rampan, Korrie Layun =245 ##$$a Tokoh-tokoh cerita pendek dunia, Korrie Layun Rampan; editor A.Aribimo Nusantara =260 ##$$a 2005 $b Jakarta =300 ##$$a xviii, 233 hlm, ilus, 21 cm =650 ##$$a Sastrawan - Biografi =700 ##$$a Nusantara, A Aribimo =850 ##$$a NBPNMAT =990 ##$$a 0001/BPAP-NTB/20142014